Switzerland UEFA Euro 2024 Squad - Statistics

General Stats
  • This quiz has been taken 865 times
    788 since last reset
  • The average score is 15 of 27
Answer Stats
# Position Player % Correct
1 GK Yann Sommer
98%
10 MF © Granit Xhaka
95%
23 MF Xherdan Shaqiri
91%
7 FW Breel Embolo
86%
5 DF Manuel Akanji
85%
21 GK Gregor Kobel
83%
13 DF Ricardo Rodriguez
78%
22 DF Fabian Schär
72%
8 MF Remo Freuler
66%
17 FW Ruben Vargas
62%
19 FW Dan Ndoye
54%
4 DF Nico Elvedi
53%
6 MF Denis Zakaria
49%
Manager Murat Yakin
49%
3 DF Silvan Widmer
49%
20 MF Michel Aebischer
48%
12 GK Yvon Mvogo
47%
9 FW Noah Okafor
42%
18 FW Kwadwo Duah
39%
25 FW Zeki Amdouni
36%
14 FW Steven Zuber
34%
26 MF Fabian Rieder
31%
11 FW Renato Steffen
28%
24 MF Ardon Jashari
24%
2 DF Leonidas Stergiou
24%
16 MF Vincent Sierro
21%
15 DF Cédric Zesiger
19%
No matching quizzes found
Score Distribution
Percent of People with Each Score
Percentile by Number Answered
Your Score History
You have not taken this quiz since the last reset